000 01206cab a2200217 4500
001 ##L131772
008 051207n2005 000 0 eng u
035 _a(Sirsi) u131772
041 0 _aeng
100 1 _aPonting, Lucinda
245 0 0 _aFire safety's new order
260 _c2005
490 0 _aHealth and Safety Bulletin
_v344 December 2005, 25-28(4)
520 _aOutlines the main provisions of the Regulatory Reform (Fire Safety) Order 2005, which comes into effect on 1 April 2006. The Order creates a single fire safety regime that applies to all non-domestic premises, and places responsibility for fire safety on the employer or person responsible for the premises. Greater emphasis is placed on fire prevention and precautions, and a more risk-based approach is introduced. The Fire Precautions Act 1971 and the Fire Precautions (Workplace) Regulations 1997 are repealed, together with many other pieces of workplace fire legislation.
590 _aIKA030106
650 2 4 _aREGULATORY REFORM (FIRE SAFETY) ORDER 2005
650 2 4 _aFIRE PRECAUTIONS ACT 1971
650 2 4 _aFIRE PRECAUTIONS (WORKPLACE) REGULATIONS 1997
690 _aMANAGEMENT-HEALTH AND SAFETY-FIRE SAFETY
942 _n0
999 _c76271
_d76271